Geography Quiz

Random Geography or City Quiz

Foreign-Born Population: Cities Quiz Stats

 Plays Quiz Updated Nov 8, 2018

Challenge
Share
Tweet
Embed
Score 0/40 Timer 08:00
6 Plays Today
Continent City % Correct
North AmericaNew York City, United States
96.3%
EuropeLondon, United Kingdom
89.9%
North AmericaLos Angeles, United States
88.1%
EuropeParis, France
87.3%
OceaniaSydney, Australia
75.3%
North AmericaMiami, United States
73.2%
North AmericaChicago, United States
68.6%
North AmericaToronto, Canada
66.2%
North AmericaSan Francisco, United States
66%
North AmericaHouston, United States
59.7%
North AmericaSan Diego, United States
57.6%
North AmericaVancouver, Canada
56.6%
OceaniaMelbourne, Australia
56%
AsiaSingapore, Singapore
53.7%
North AmericaMontreal, Canada
52.8%
EuropeAmsterdam, Netherlands
49.9%
AsiaDubai, United Arab Emirates
44.6%
OceaniaPerth, Australia
40.3%
EuropeMunich, Germany
37.8%
EuropeBrussels, Belgium
37.6%
Continent City % Correct
OceaniaAuckland, New Zealand
35.6%
AsiaJerusalem, Israel
35%
North AmericaOttawa, Canada
34%
OceaniaBrisbane, Australia
26.7%
AsiaTel Aviv, Israel
26.1%
EuropeZurich, Switzerland
25.5%
EuropeFrankfurt, Germany
23.2%
North AmericaCalgary, Canada
22.9%
EuropeGeneva, Switzerland
22.3%
AsiaRiyadh, Saudi Arabia
19.7%
North AmericaEdmonton, Canada
19.1%
EuropeKyiv, Ukraine
16.7%
North AmericaHonolulu, United States
15.1%
North AmericaWinnipeg, Canada
12.6%
AsiaMecca, Saudi Arabia
12.4%
EuropeThe Hague, Netherlands
10.6%
EuropeCologne, Germany
10.4%
AsiaMuscat, Oman
8%
AsiaMedina, Saudi Arabia
6.7%
AsiaTbilisi, Georgia
1.9%

You're not logged in!

Compare scores with friends on all Sporcle quizzes.
OR
Log In

You Might Also Like...

Show Comments

Extras

Top Quizzes Today


Score Distribution

Your Account Isn't Verified!

In order to create a playlist on Sporcle, you need to verify the email address you used during registration. Go to your Sporcle Settings to finish the process.

Report this User

Report this user for behavior that violates our Community Guidelines.

Details: